书目信息 |
| 题名: |
都是爸爸妈妈的错
|
|
| 作者: | 张健鹏 , 胡足青 主编 | |
| 分册: | ||
| 出版信息: | 北京 学苑出版社 2005.05 |
|
| 页数: | 224页 | |
| 开本: | 20cm | |
| 丛书名: | 家长会教育文丛 | |
| 单 册: | ||
| 中图分类: | G78 | |
| 科图分类: | ||
| 主题词: | 儿童教育--er tong jiao yu--家庭教育 | |
| 电子资源: | ||
| ISBN: | 7-5077-1920-0 | |
| 000 | 01010nam 2200265 450 | |
| 001 | 1458599492 | |
| 005 | 20140930161747.13 | |
| 010 | @a7-5077-1920-0@dCNY18.00 | |
| 100 | @a20050810d2005 km y0chiy0120 ea | |
| 101 | 0 | @achi |
| 102 | @aCN@b110000 | |
| 105 | @aa z 000yy | |
| 200 | 1 | @a都是爸爸妈妈的错@Adou shi ba ba ma ma de cuo@e优秀教师对父母的忠告@f张健鹏,胡足青主编@Fzhang jian peng,hu zu qing zhu bian |
| 210 | @a北京@c学苑出版社@d2005.05 | |
| 215 | @a224页@c图@d20cm | |
| 225 | 2 | @a家长会教育文丛@Ajia zhang hui jiao yu wen cong@h1 |
| 330 | @a本书对儿童的家庭教育进行研究,以“父母亲要始终担当起教育的主要角色”为理念对家庭教育上存在的诸多误区进行解剖、并介绍教育方法与策略。 | |
| 410 | 0 | @12001 @a家长会教育文丛 |
| 517 | 1 | @a优秀教师对父母的忠告@Ayou xiu jiao shi dui fu mu de zhong gao |
| 606 | 0 | @a儿童教育@Aer tong jiao yu@x家庭教育 |
| 690 | @aG78@v4 | |
| 701 | 0 | @a张健鹏@Azhang jian peng@4主编 |
| 701 | 0 | @a胡足青@Ahu zu qing@4主编 |
| 801 | 0 | @aCN@c20080825 |
| 905 | @dG78@eZ124 | |
| 都是爸爸妈妈的错:优秀教师对父母的忠告/张健鹏,胡足青主编.-北京:学苑出版社,2005.05 |
| 224页:图;20cm.-(家长会教育文丛.1) |
| ISBN 7-5077-1920-0:CNY18.00 |
| 本书对儿童的家庭教育进行研究,以“父母亲要始终担当起教育的主要角色”为理念对家庭教育上存在的诸多误区进行解剖、并介绍教育方法与策略。 |
| ● |
| 相关链接 |
|
|
|
正题名:都是爸爸妈妈的错
索取号:G78/Z124
 
预约/预借
| 序号 | 登录号 | 条形码 | 馆藏地/架位号 | 状态 | 备注 |
| 1 | 494474 | 204944748 | 社科库409/409社科库 18排1列2层/ [索取号:G78/Z124] | 在馆 |